000 00418nam a22001577a 4500
005 20251108172422.0
008 250721s9999 xx 000 0 ara d
082 1 4 _aط/599.74428/نمر
245 1 0 _aالنمر /
264 1 _aبيروت :
_bمكتبة سمير،
_c[19-].
300 _a16ص : مص
490 0 _aسلسلة عالم الحيوان
650 1 7 _aالنمور
942 _2ddc
_cBK
999 _c78806
_d78806